000 00531nam a22001931a 4500
001 1239
003 OSt
005 20260204211726.0
008 040117s1997||||dr ||||||b||||||||||spa||
050 _aRD 322.1 P438i
082 _aRD 322.1 P438i
100 _aPérez Memén, Fernandez
245 _aLa iglesia y el estado en Santo Domingo (1700-1853) / Fernandez Pérez Memén
250 _a2
264 _aSanto Domingo : Taller
300 _a730 p.
650 _a1.Iglesia y Estado en República DominicanaÌ
942 _2ddc
_cBK
999 _c1239
_d1239